Harsh Vardhan The Maharaja/ (Record no. 187784)

MARC details
000 -LEADER
fixed length control field 00550nam a22001817a 4500
005 - DATE AND TIME OF LATEST TRANSACTION
control field 20220429103836.0
010 ## - LCCN (DPL NO)
LC control number ENG-132468
020 ## - INTERNATIONAL STANDARD BOOK NUMBER
International Standard Book Number 9789387225138
Terms of availability 895.00
035 ## - SYSTEM CONTROL NUMBER
System control number EN-116000
037 ## - SOURCE OF ACQUISITION
Source of stock number/acquisition DBAD/PUB
082 ## - DEWEY DECIMAL CLASSIFICATION NUMBER
Classification number 934.07092
100 ## - MAIN ENTRY--PERSONAL NAME
Personal name Chand, Jina
245 ## - TITLE STATEMENT
Title Harsh Vardhan The Maharaja/
Statement of responsibility, etc Jina Chand
260 ## - PUBLICATION, DISTRIBUTION, ETC. (IMPRINT)
Place of publication, distribution, etc Uttar Pradesh
Name of publisher, distributor, etc Sunjoy Publisher
Date of publication, distribution, etc 2018
270 ## - ADDRESS
Address B-51, Kamla Nagar, Agra
City Uttar Pradesh
Postal code 282005
Electronic mail address sunjoypublisher@gmail.com
300 ## - PHYSICAL DESCRIPTION
Extent 248p.
Dimensions 22cm(hbk)
942 ## - ADDED ENTRY ELEMENTS (KOHA)
Item type English Books
Source of classification or shelving scheme Dewey Decimal Classification
Classification part 934.07092
Call number suffix CHA
Holdings
Withdrawn status Lost status Not for loan Collection code Home library Current library Date acquired Source of acquisition Cost, normal purchase price Full call number Barcode Copy number Cost, replacement price Koha item type
    Not For Loan Non-fiction D.B.Act.Division Mobile Library 29/04/2022 DBAD/PUB 895.00 934.07092 CHA EN-116000 1 895.00 English Books

© Delhi Public Library
Hit Counter
free hit counter